00421nam a2200145Ia 4500008004100000041000900041082001800050100002100068245002300089260003500112300000800147650000800155999001700163952009500180230718s9999 xx 000 0 und d aEng. a346.03bNOW-L aNow Elähig Ch. 0aLand Revenue scé aPakistanbPugh (200 bookc2006 a348 aLaw c28960d28960 00104070aSIRC-LbSIRC-Ld2023-07-18l0o346.03 NOW-Lp23911r2023-07-18w2023-07-18yBK